Top 98 Martial Arts Films (IMDB) - Statistics

General Stats
  • This quiz has been taken 40 times
    24 since last reset
  • The average score is 10 of 98
Answer Stats
Film Year IMDB % Correct
Enter the Dragon 1973 7.6
78%
Crouching Tiger, Hidden Dragon 2000 7.9
52%
The Karate Kid 1984 7.3
52%
Kill Bill: Vol. 1 2003 8.2
39%
The Matrix 1999 8.7
39%
Ip Man 2008 8.0
35%
Kill Bill: Vol. 2 2004 8.0
35%
Seven Samurai 1954 8.6
35%
Drunken Master 1978 7.5
30%
Yojimbo 1961 8.2
30%
Harakiri 1962 8.6
26%
Hero 2002 7.9
26%
Ip Man 2 2010 7.5
26%
The Raid 2 2014 7.9
26%
The Way of the Dragon 1972 7.3
26%
Fight Club 1999 8.8
22%
John Wick 2014 7.4
22%
John Wick: Chapter 2 2017 7.4
22%
John Wick: Chapter 3 - Parabellum 2019 7.4
22%
Kung Fu Panda 2008 7.6
22%
Police Story 1985 7.5
22%
Rashomon 1950 8.2
17%
Warrior 2011 8.2
17%
Yoddha 1992 8.4
17%
13 Assassins 2010 7.5
13%
Kung Fu Hustle 2004 7.7
13%
Mulan 1998 7.6
13%
Sanjuro 1962 8.0
13%
Shaolin Soccer 2001 7.3
13%
The Raid: Redemption 2011 7.6
13%
Undisputed 3: Redemption 2010 7.4
13%
A Better Tomorrow 1986 7.4
9%
A Better Tomorrow II 1987 7.3
9%
Fearless 2006 7.6
9%
Ghost Dog: The Way of the Samurai 1999 7.5
9%
Ninja Scroll 1993 7.8
9%
The 36th Chamber of Shaolin 1978 7.7
9%
The Legend of Drunken Master 1994 7.5
9%
The Sword of Doom 1966 7.9
9%
A Chinese Ghost Story 1987 7.4
4%
A Touch of Zen 1971 7.5
4%
Black Dynamite 2009 7.3
4%
Dragon Inn 1967 7.4
4%
Dragon Inn 1992 7.3
4%
Equilibrium 2002 7.4
4%
Fist of Legend 1994 7.5
4%
House of the Flying Daggers 2004 7.5
4%
Indian 1996 8.1
4%
Iron Monkey 1993 7.5
4%
The Accountant 2016 7.3
4%
The Animatrix 2003 7.3
4%
The Man from Nowhere 2010 7.7
4%
The Prodigal Son 1981 7.4
4%
Alita: Battle Angel 2019 7.3
0%
Bakumatsu Taiyôden 1957 7.3
0%
Bhavesh Joshi Superhero 2018 7.6
0%
Bullet in the Head 1990 7.5
0%
Chūshingura 1962 7.6
0%
Crippled Avengers 1978 7.3
0%
Doctor Strange 2016 7.5
0%
Flirting Scholar 1993 7.5
0%
Goodachari 2018 7.8
0%
Heroes of the East 1978 7.6
0%
Kerala Varma Pazhassi Raja 2009 7.6
0%
Lone Wolf and Cub: Baby Cart at the River Styx 1972 7.9
0%
Lone Wolf and Cub: Baby Cart in Peril 1972 7.5
0%
Lone Wolf and Cub: Baby Cart in the Land of Demons 1973 7.5
0%
Lone Wolf and Cub: Baby Cart to Hades 1972 7.5
0%
Lone Wolf and Cub: Sword of Vengeance 1972 7.7
0%
Lone Wolf and Cub: White Heaven in Hell 1974 7.3
0%
Mard Ko Dard Nahi Hota 2018 7.3
0%
Master of the Flying Guillotine 1976 7.4
0%
Mortal Kombat Legends: Scorpion's Revenge 2020 7.4
0%
Mr. Vampire 1985 7.3
0%
My Name Is Nobody 1973 7.4
0%
New Tale of Zatoichi 1963 7.3
0%
Once Upon a Time in China II 1992 7.3
0%
Oru Vadakkan Veeragatha 1989 8.7
0%
Pokiri 2006 7.9
0%
Project A 1983 7.3
0%
Red Cliff 2008 7.3
0%
Samurai II: Duel at Ichijoji Temple 1955 7.3
0%
Samurai III: Duel at Ganryu Island 1956 7.6
0%
Samurai I: Musashi Miyamoto 1954 7.4
0%
Shang-Chi and the Legend of the Ten Rings 2021 7.4
0%
Shogun Assassin 1980 7.4
0%
Snake in the Eagle's Shadow 1978 7.3
0%
Sword of the Beast 1965 7.5
0%
The Eight Diagram Pole Fighter 1984 7.4
0%
The Legend of Muay Thai: 9 Satra 2018 7.4
0%
The Magnificent Butcher 1979 7.3
0%
The One-Armed Swordsman 1967 7.3
0%
The Tale of Zatoichi 1962 7.6
0%
Three Outlaw Samurai 1964 7.6
0%
Thupparivaalan 2017 7.5
0%
Turtles Forever 2009 7.6
0%
Warriors Two 1978 7.3
0%
Who Killed Captain Alex? 2010 7.9
0%
No matching quizzes found
Score Distribution
Percent of People with Each Score
Percentile by Number Answered
Your Score History
You have not taken this quiz since the last reset